| 000 | 01428cam a2200265 a 4500 | ||
|---|---|---|---|
| 001 | 000034826048 | ||
| 003 | CaOOAMICUS | ||
| 005 | 20090410 .0 | ||
| 008 | 080514s2009 nyua 000 0 eng | ||
| 020 | _a1428322361 (pbk.) | ||
| 020 | _a9781428322363 (pbk.) | ||
| 040 |
_aCaOPAL _beng _cCaOPAL _dBTCTA |
||
| 082 |
_222 _a004.03 _bGRA |
||
| 100 | 1 |
_aGraves, Michael _q(Michael W.) _94823 |
|
| 245 | 1 | 0 |
_aComputer Technology Encyclopedia : _bQuick Reference for Students and Professionals / _cMichael Graves. |
| 260 |
_aAustralia : _bCengage Delmar Learning , _cc2009. |
||
| 300 |
_a385 p. : _bill. ; _c24 cm. |
||
| 520 | _a"The Computer Technology Encyclopedia is a handy reference for students and professionals. Going beyond basic definitions, this comprehensive reference provides descriptions of computer technology terms, as well as including numerous tables, photos and illustrations."--pub. desc. | ||
| 650 | 0 |
_aComputers _vEncyclopedias. _94824 |
|
| 650 | 0 |
_aInformation technology _vEncyclopedias. _94825 |
|
| 942 |
_2ddc _cBB |
||
| 999 |
_c11550 _d11550 |
||